[Event "NOR-chB"]
[Site "Oslo"]
[Date "2023.07.01"]
[Round "1"]
[White "Dorum, Thomas"]
[Black "Astrup, Nils"]
[Result "1/2-1/2"]
[WhiteElo "1379"]
[BlackElo "1255"]
[PlyCount "160"]
[EventDate "2023.06.30"]
[EventType "swiss"]
[EventRounds "9"]
[EventCountry "NOR"]
[SourceTitle "EXT 2024"]
[Source "ChessBase"]
[SourceDate "2023.10.10"]
[SourceVersion "1"]
[SourceVersionDate "2023.10.10"]
[SourceQuality "1"]

1. Nf3 d5 2. d4 Nf6 3. Bf4 e6 4. e3 Bd6 5. Bg3 0-0 6. Bd3 c5 7. c3 Qc7 8. Bxd6 Qxd6 9. Nbd2 b6 10. 0-0 Ba6 11. Bxa6 Nxa6 12. Re1 Nc7 13. e4 dxe4 14. Nxe4 Nxe4 15. Rxe4 Rfd8 16. Qc2 Ne8 17. dxc5 Qxc5 18. Rh4 Nf6 19. Nd2 h6 20. Ne4 Nxe4 21. Rxe4 Rd5 22. b4 Qd6 23. Ree1 Rc8 24. Rac1 Rd2 25. Qa4 Qf4 26. Rf1 Rxf2 27. Qxa7 Rxc3 28. Qxb6 Rcc2 29. Qd8+ Kh7 30. Qd3+ Qf5 31. Qxf5+ exf5 32. Rxc2 Rxc2 33. Rxf5 Rxa2 34. Rxf7 Rb2 35. Rb7 Kg6 36. b5 Kf6 37. b6 g5 38. h3 h5 39. Rb8 h4 40. b7 Kg7 41. Kf1 Kh7 42. Ke1 Kg7 43. Kd1 Kh7 44. Kc1 Rb6 45. Kc2 Kg7 46. Kc3 Kh7 47. Kc4 Kg7 48. Kc5 Rb1 49. Kc6 Rc1+ 50. Kd5 Rb1 51. Ke5 Rb5+ 52. Ke4 Kh7 53. Kd4 Kg7 54. Kc4 Rb1 55. Kd5 Kh7 56. Ke6 Kg7 57. Kf5 Rb5+ 58. Kg4 Kh7 59. Kh5 Kg7 60. Rd8 Rxb7 61. Kxg5 Rb2 62. Rd7+ Kf8 63. Kf6 Rf2+ 64. Kg5 Rxg2+ 65. Kxh4 Kg8 66. Rd4 Kh7 67. Kh5 Rg3 68. h4 Rg7 69. Rd5 Rg1 70. Rg5 Rh1 71. Ra5 Rg1 72. Ra7+ Rg7 73. Ra6 Kh8 74. Rc6 Kh7 75. Rd6 Kh8 76. Rg6 Rxg6 77. Kxg6 Kg8 78. h5 Kh8 79. h6 Kg8 80. h7+ Kh8 1/2-1/2